The public letters of the Right Hon. John Bright / (Record no. 152730)

MARC details
000 -LEADER
campo de control de longitud fija 00715nam a22001935i 4500
001 - NÚMERO DE CONTROL
campo de control 152730
003 - IDENTIFICADOR DE NÚMERO DE CONTROL
campo de control ES-MaACL
005 - FECHA Y HORA DE LA ÚLTIMA TRANSACCIÓN
campo de control 20230906204845.0
008 - DATOS DE LONGITUD FIJA--INFORMACIÓN GENERAL
campo de control de longitud fija 051018s1885 xxk | |||||||| ||eng d
040 ## - FUENTE DE CATALOGACIÓN
Centro catalogador/agencia de origen CAM
Lengua de catalogación spa
Centro/agencia transcriptor CAM
100 1# - ENTRADA PRINCIPAL--NOMBRE DE PERSONA
Nombre de persona Bright, John (
Fechas asociadas al nombre 1811-1889)
9 (RLIN) 144240
245 14 - MENCIÓN DEL TÍTULO
Título The public letters of the Right Hon. John Bright /
Mención de responsabilidad, etc. collected and edited by H.J. Leech.
260 ## - PUBLICACIÓN, DISTRIBUCIÓN, ETC.
Lugar de publicación, distribución, etc. London :
Nombre del editor, distribuidor, etc. Sampson Low, Marston, Searle & Rivington,
Fecha de publicación, distribución, etc. 1885.
300 ## - DESCRIPCIÓN FÍSICA
Extensión XV, 352 p. ;
Dimensiones 19 cm.
600 14 - PUNTO DE ACCESO ADICIONAL DE MATERIA--NOMBRE DE PERSONA
Nombre de persona Bright, John (
Fechas asociadas al nombre 1811-1889)-
Subdivisión de forma Correspondencia.
9 (RLIN) 144241
651 #4 - PUNTO DE ACCESO ADICIONAL DE MATERIA--NOMBRE GEOGRÁFICO
Nombre geográfico Gran Bretaña-
Subdivisión general Historia-
Subdivisión cronológica 1837-1901, Victoria.
9 (RLIN) 144250
700 0# - ENTRADA AGREGADA--NOMBRE PERSONAL
Nombre de persona Leech, H. J.
9 (RLIN) 71202
852 ## - LOCALIZACIÓN
Ubicación ES-MaACL
Número de control de estantería C-3405
Nota libre -- Enc. ed. en tela
Holdings
Estatus retirado Estado de pérdida Estado de daño No para préstamo Colección Biblioteca de origen Biblioteca actual Ubicación en estantería Fecha de adquisición Fuente de adquisición Total de préstamos Signatura topográfica completa Código de barras Visto por última vez Precio de reemplazo Tipo de ítem Koha
        Libros del s. XIX Biblioteca del Ateneo de Madrid Biblioteca del Ateneo de Madrid Depósito 2 17/01/2008     C-3405 1159503 23/02/2023 23/02/2023 Libro impreso antiguo